| 000 | 00704nam a2200253Ia 4500 | ||
|---|---|---|---|
| 008 | 170203s9999 xx 000 0 und d | ||
| 020 | _a9780439340212 | ||
| 050 | _aFIc | ||
| 050 | _bC257s | ||
| 100 | _aCarus, Marianne. | ||
| 245 | _a13 scary ghost stories / | ||
| 245 | _cedited by Marianne Carus ; illustrated by YongSheng Xuan. | ||
| 260 | _aNew York : | ||
| 260 | _bScholastic Inc. | ||
| 260 | _c2001 | ||
| 300 | _aviii, 134 pages : | ||
| 300 | _billustrations ; | ||
| 300 | _c22 cm. | ||
| 500 | _aPreviously published as: That's ghosts for you : 13 scary stories. | ||
| 650 | _aChildren's stories. | ||
| 650 | _aGhost stories. | ||
| 650 | _aGhosts -- | ||
| 650 | _xFiction. | ||
| 999 |
_c306405 _d306405 |
||